Ambiguous data and (political?) territories

Gespeichert in:
Bibliographische Detailangaben
1. Verfasser: Panagiotopoulos, Diamantis (VerfasserIn)
Dokumenttyp: Kapitel/Artikel Konferenzschrift
Sprache:Englisch
Veröffentlicht: 2022
In: Political geographies of the Bronze Age Aegean
Year: 2022, Pages: 159-170
Online-Zugang: Volltext
Verfasserangaben:Diamantis Panagiotopoulos

MARC

LEADER 00000caa a22000002c 4500
001 1859848613
003 DE-627
005 20240307084124.0
007 tu
008 230918s2022 xx ||||| 00| ||eng c
035 |a (DE-627)1859848613 
035 |a (DE-599)KXP1859848613 
035 |a (OCoLC)1425216735 
040 |a DE-627  |b ger  |c DE-627  |e rda 
041 |a eng 
084 |a 63  |2 sdnb 
100 1 |a Panagiotopoulos, Diamantis  |d 1967-  |e VerfasserIn  |0 (DE-588)13567865X  |0 (DE-627)693676752  |0 (DE-576)185102964  |4 aut 
245 1 0 |a Ambiguous data and (political?) territories  |c Diamantis Panagiotopoulos 
264 1 |c 2022 
300 |a 12 
336 |a Text  |b txt  |2 rdacontent 
337 |a ohne Hilfsmittel zu benutzen  |b n  |2 rdamedia 
338 |a Band  |b nc  |2 rdacarrier 
773 0 8 |i Enthalten in  |a Political geographies of the Bronze Age Aegean (Veranstaltung : 2019 : Athen)  |t Political geographies of the Bronze Age Aegean  |d Leuven : Peeters, 2022  |g (2022), Seite 159-170  |h 260 Seiten  |w (DE-627)1801690073  |z 9789042947320  |7 nnam 
773 1 8 |g year:2022  |g pages:159-170  |g extent:12  |a Ambiguous data and (political?) territories 
951 |a AR 
992 |a 20230918 
993 |a ConferencePaper 
994 |a 2022 
998 |g 13567865X  |a Panagiotopoulos, Diamantis  |m 13567865X:Panagiotopoulos, Diamantis  |d 70000  |d 71700  |d 71750  |e 70000PP13567865X  |e 71700PP13567865X  |e 71750PP13567865X  |k 0/70000/  |k 1/70000/71700/  |k 2/70000/71700/71750/  |p 1  |x j  |y j 
999 |a KXP-PPN1859848613  |e 4377470647 
BIB |a Y 
JSO |a {"person":[{"role":"aut","given":"Diamantis","display":"Panagiotopoulos, Diamantis","family":"Panagiotopoulos"}],"recId":"1859848613","id":{"eki":["1859848613"]},"title":[{"title":"Ambiguous data and (political?) territories","title_sort":"Ambiguous data and (political?) territories"}],"type":{"bibl":"chapter"},"name":{"displayForm":["Diamantis Panagiotopoulos"]},"relHost":[{"physDesc":[{"noteIll":"Illustrationen, Diagramme, Karten","extent":"260 Seiten"}],"part":{"text":"(2022), Seite 159-170","year":"2022","pages":"159-170","extent":"12"},"name":{"displayForm":["edited by Gert Jan van Wijngaarden and Jan Driessen"]},"corporate":[{"role":"aut","display":"Political geographies of the Bronze Age Aegean (2019, Athen)"}],"origin":[{"publisher":"Peeters","publisherPlace":"Leuven ; Paris ; Bristol, CT","dateIssuedDisp":"2022","dateIssuedKey":"2022"}],"language":["eng"],"disp":"Political geographies of the Bronze Age Aegean (Veranstaltung : 2019 : Athen)Political geographies of the Bronze Age Aegean","type":{"bibl":"book"},"id":{"eki":["1801690073"],"isbn":["9789042947320"]},"title":[{"title_sort":"Political geographies of the Bronze Age Aegean","title":"Political geographies of the Bronze Age Aegean","subtitle":"proceedings of the joint workshop of the Belgian School at Athens (EBSA) and the Netherlands Institute at Athens (NIA) May 28 to 31, 2019"}],"relMultPart":[{"note":["Beteil. Körp. anfangs: Vereniging Antieke Beschaving"],"recId":"624569330","title":[{"partname":"Supplement","subtitle":"annual papers on mediterranean archaeology","title":"Babesch","title_sort":"Babesch"}],"id":{"zdb":["2550669-9"],"issn":["0165-9367"],"eki":["624569330"]},"dispAlt":"Babesch / Supplement","disp":"Babesch","type":{"bibl":"serial"},"origin":[{"dateIssuedKey":"2006","dateIssuedDisp":"2006-","publisherPlace":"Leuven [u.a.]","publisher":"Peeters"}],"name":{"displayForm":["Stichting Bulletin Antieke Beschaving"]},"part":{"number_sort":["43"],"number":["43"]},"pubHistory":["11.2006 -"],"corporate":[{"role":"isb","display":"Vereeniging Antieke Beschaving"}],"titleAlt":[{"title":"Babesch / Supplement"}]}],"recId":"1801690073","person":[{"given":"Gert Jan van","role":"edt","display":"Wijngaarden, Gert Jan van","family":"Wijngaarden"},{"given":"Jan","role":"edt","display":"Driessen, Jan","family":"Driessen"}]}],"language":["eng"],"origin":[{"dateIssuedDisp":"2022","dateIssuedKey":"2022"}],"physDesc":[{"extent":"12 S."}]} 
SRT |a PANAGIOTOPAMBIGUOUSD2022